1986 FIFA World Cup Quiz - Statistics

General Stats
  • This quiz has been taken 224 times
  • The average score is 20 of 24
Answer Stats
Answer % Correct
Argentina
98%
England
97%
Italy
97%
West Germany
97%
Brazil
96%
France
96%
Spain
95%
Mexico
94%
Portugal
94%
Belgium
90%
Soviet Union
89%
Uruguay
89%
Denmark
84%
Poland
84%
Scotland
82%
South Korea
81%
Morocco
77%
Paraguay
76%
Algeria
74%
Canada
74%
Hungary
72%
Bulgaria
67%
Northern Ireland
63%
Iraq
61%
No matching quizzes found
Score Distribution
Percent of People with Each Score
Percentile by Number Answered
Your Score History
You have not taken this quiz